Formación para la vida religiosa renovada en América Latina

Uloženo v:
Podrobná bibliografie
Korporativní autor: Confederación Latinoamericana de Religiosos (Autor)
Médium: Kniha
Jazyk:španělština
Vydáno: Bogotá CLAR 1970
Vydání:2a. ed
Edice:Colección CLAR, 3
Témata:
Tagy: Přidat tag
Žádné tagy, Buďte první, kdo vytvoří štítek k tomuto záznamu!

MARC

LEADER 00000nam a2200000 a 4500
001 UCL3432
003 CL-VaPUC
005 20250227153813.0
008 031128e19700000ck 1 spa d
082 0 4 |a 248.4  |b CON  |2 21 
110 2 |a Confederación Latinoamericana de Religiosos  |e author  |9 620419 
245 1 0 |a Formación para la vida religiosa renovada en América Latina 
250 |a 2a. ed 
260 |a Bogotá  |b CLAR  |c 1970 
300 |a v 
490 0 |a Colección CLAR, 3 
583 |a last modification  |c 20031128 00:00:00  |k Rodrigo Vera 
650 0 0 |a Vida religiosa  |9 257284 
650 0 0 |a Vida cristiana  |9 258753 
650 0 0 |a Moral cristiana  |9 464237 
942 |c BK 
945 |a vberengu  |d 20031128 00:00:00 
546 |a En Español 
536 |a CLAR 
518 |p Asamblea General de la CLAR, 4, Santiago, 3-15 de Diciembre de 1969 
999 |c 383934  |d 383932 
952 |0 0  |1 0  |4 0  |6 248_400000000000000_CON_1970  |7 0  |8 A  |9 506261  |a BIBTEO  |b BIBTEO  |d 2020-01-23  |h v.1  |i 2095785  |o 248.4 CON 1970  |p 2095785  |r 2025-01-17  |w 2020-01-23  |y BK  |k ICR 
952 |0 0  |1 0  |4 0  |6 248_400000000000000_CON_1970  |7 0  |8 A  |9 506262  |a BIBTEO  |b BIBTEO  |d 2020-01-23  |h v.2  |i 2095793  |o 248.4 CON 1970  |p 2095793  |r 2025-01-17  |w 2020-01-23  |y BK  |k ICR